Crítica y racionalidad del desarme unilateral o multilateral (Record no. 4982)

MARC details
000 -LEADER
campo de control de longitud fija 01324njm a2200301 i 4500
001 - NÚMERO DE CONTROL
campo de control 4982
003 - IDENTIFICADOR DE NÚMERO DE CONTROL
campo de control ES-MaACL
005 - FECHA Y HORA DE LA ÚLTIMA TRANSACCIÓN
campo de control 20250829062524.0
007 - CAMPO FIJO DE DESCRIPCIÓN FÍSICA--INFORMACIÓN GENERAL
campo de control de longitud fija s|r|||||||||||
008 - DATOS DE LONGITUD FIJA--INFORMACIÓN GENERAL
campo de control de longitud fija 070906s1984 sp ||| g ||||||||1|nspa d
100 1# - ENTRADA PRINCIPAL--NOMBRE DE PERSONA
Nombre de persona Doménech, Toni.
9 (RLIN) 45086
245 10 - MENCIÓN DEL TÍTULO
Título Crítica y racionalidad del desarme unilateral o multilateral
Medio [Grabación sonora] /
Mención de responsabilidad, etc. intervienen Toni Doménech y Enrique Gomariz.
260 ## - PUBLICACIÓN, DISTRIBUCIÓN, ETC.
Lugar de publicación, distribución, etc. Madrid :
Nombre del editor, distribuidor, etc. Ateneo de Madrid,
Fecha de publicación, distribución, etc. 1984.
300 ## - DESCRIPCIÓN FÍSICA
Extensión 2 discos (CD-DA) (2 h. 7 min.) ;
Dimensiones 12 cm.
490 1# - MENCIÓN DE SERIE
Mención de serie Problemas actuales sobre la guerra y la paz
500 ## - NOTA GENERAL
Nota general Datos basados en la invitación.
518 ## - NOTA DE FECHA/HORA Y LUGAR DE UN ACONTECIMIENTO
Nota de fecha/hora y lugar de un acontecimiento Acto organizado por la Universidad Nacional de Educación a Distancia en colaboración con el Ateneo de Madrid, grabado en el salón de actos del Ateneo el 27 de marzo de 1984, a las 19:30 h.
610 04 - PUNTO DE ACCESO ADICIONAL DE MATERIA--NOMBRE DE ENTIDAD CORPORATIVA
Nombre de entidad corporativa o nombre de jurisdicción como elemento de entrada Ateneo de Madrid-
Subdivisión general Actos culturales-
Subdivisión cronológica 1984-
Subdivisión de forma Grabaciones sonoras
9 (RLIN) 1899
650 14 - PUNTO DE ACCESO ADICIONAL DE MATERIA--TÉRMINO DE MATERIA
Término de materia o nombre geográfico como elemento de entrada Desarme.
9 (RLIN) 11786
700 1# - ENTRADA AGREGADA--NOMBRE PERSONAL
Nombre de persona Gomariz, Enrique.
9 (RLIN) 57732
710 2# - ENTRADA AGREGADA--NOMBRE DE ENTIDAD CORPORATIVA
Nombre de entidad corporativa o nombre de jurisdicción como elemento de entrada Ateneo de Madrid.
9 (RLIN) 1875
710 2# - ENTRADA AGREGADA--NOMBRE DE ENTIDAD CORPORATIVA
Nombre de entidad corporativa o nombre de jurisdicción como elemento de entrada Universidad Nacional de Educación a Distancia (España)
9 (RLIN) 7405
830 0# - PUNTO DE ACCESO ADICIONAL DE SERIE-TÍTULO UNIFORME
Título uniforme Problemas actuales sobre la guerra y la paz
9 (RLIN) 176761
852 ## - LOCALIZACIÓN
Ubicación ES-MaACL
Número de control de estantería ROT 5/5/35
itemnumber 5099
Ubicación en estantería Rotativo
852 ## - LOCALIZACIÓN
Ubicación ES-MaACL
Número de control de estantería ROT 5/5/36
itemnumber 203661
Ubicación en estantería Rotativo
942 ## - ELEMENTOS DE ENTRADA SECUNDARIOS (KOHA)
Fuente del sistema de clasificación o colocación Clasificación decimal universal
Holdings
Estatus retirado Estado de pérdida Fuente del sistema de clasificación o colocación Estado de daño No para préstamo Colección Biblioteca de origen Biblioteca actual Ubicación en estantería Fecha de adquisición Total de préstamos Signatura topográfica completa Código de barras Visto por última vez Precio de reemplazo Tipo de ítem Koha
    Clasificación decimal universal     Archivo de la palabra Biblioteca del Ateneo de Madrid Biblioteca del Ateneo de Madrid Rotativo 17/01/2008   ROT 5/5/35 1005045 23/02/2023 23/02/2023 Archivo de ordenador en CD-ROM, CD o disquete
    Clasificación decimal universal     Archivo de la palabra Biblioteca del Ateneo de Madrid Biblioteca del Ateneo de Madrid Rotativo 17/01/2008   ROT 5/5/36   18/06/2024 23/02/2023 Archivo de ordenador en CD-ROM, CD o disquete